[Event "ACL-A057"]
[Site "www.playchess.de"]
[Date "2000.12.05"]
[Round "2"]
[White "Chris"]
[Black "Mother_Teresa"]
[WhiteElo "1500"]
[BlackElo "1518"]
[PlyCount "47"]
[Result "1-0"]

1.d4 d5 2.Nf3 Nc6 3.Bf4 Nf6 4.e3 Bf5 5.c3 e6 6.Bd3 
Bd6 7.Bxf5 exf5 8.O-O Bxf4 9.exf4 O-O 10.Nbd2 Ne4 
11.Ne5 Nxe5 12.fxe5 c5 13.f3 Nxd2 14.Qxd2 c4 15.f4 
b5 16.Rae1 Re8 17.Qc2 Qc8 18.Re3 f6 19.Rfe1 Kf7 
20.Qe2 Re6 21.Qh5+ Kg8 22.Qxf5 Qa6 23.exf6 Rae8 
24.f7+ 1-0

[Event "ACL-A063"]
[Site "www.playchess.de"]
[Date "2000.12.05"]
[Round "18"]
[White "BOB"]
[Black "sazex"]
[WhiteElo "1638"]
[BlackElo "1768"]
[PlyCount "39"]
[Result "1-0"]

1.e4 e5 2.Nf3 Nc6 3.Bc4 Bc5 4.c3 Nf6 5.d4 exd4 
6.cxd4 Bb4+ 7.Nc3 Nxe4 8.O-O Bxc3 9.d5 Ne5 10.bxc3 
Nxc4 11.Qd4 Ncd6 12.Qxg7 Qf6 13.Qxf6 Nxf6 14.Re1+ 
Kf8 15.Bh6+ Kg8 16.Re5 Nfe4 17.Re1 f5 18.Re7 a5 
19.Ne5 Ra6 20.f3 1-0

[Event "CCL-E006"]
[Site "www.playchess.de"]
[Date "2000.12.05"]
[Round "15"]
[White "Schachzwerg"]
[Black "skull78"]
[WhiteElo "2000"]
[BlackElo "2000"]
[PlyCount "23"]
[Result "1-0"]

1.d4 g6 2.e4 Bg7 3.Bc4 Nc6 4.Nf3 Na5 5.Bd3 Bh6 
6.Bxh6 Nxh6 7.Qd2 Ng4 8.Qxa5 c6 9.Qxd8+ Kxd8 10.h3 
Nf6 11.Nc3 Re8 12.e5 1-0

[Event "HCL-A029"]
[Site "www.playchess.de"]
[Date "2000.12.06"]
[Round "1"]
[White "Nils"]
[Black "XXLman"]
[WhiteElo "2030"]
[BlackElo "1198"]
[PlyCount "31"]
[Result "1-0"]

1.e4 g6 2.d4 Bg7 3.Nc3 d6 4.Nf3 Nf6 5.Be2 O-O 
6.Bf4 c6 7.Qd3 b5 8.a3 a5 9.O-O b4 10.axb4 Ba6 
11.b5 cxb5 12.Nxb5 Bxb5 13.Qxb5 Nbd7 14.e5 dxe5 
15.Bxe5 Nxe5 16.dxe5 1-0

[Event "HCL-A040"]
[Site "www.playchess.de"]
[Date "2000.12.06"]
[Round "8"]
[White "mrchess"]
[Black "Tassiac"]
[WhiteElo "1517"]
[BlackElo "1551"]
[PlyCount "67"]
[Result "1/2-1/2"]

1.d4 d5 2.c4 c6 3.Nc3 e6 4.cxd5 exd5 5.Nf3 Nf6 
6.e3 Bf5 7.Bd3 Bg6 8.Bxg6 hxg6 9.Qc2 Nbd7 10.O-O 
Bd6 11.e4 Nxe4 12.Nxe4 dxe4 13.Qxe4+ Kf8 14.Bf4 
Nf6 15.Bxd6+ Qxd6 16.Qe5 Rd8 17.Qxd6+ Rxd6 18.Rfe1 
Nd5 19.a3 Ne7 20.Re2 f6 21.Rae1 Rd7 22.g3 Kf7 
23.Kg2 Rhd8 24.R2e4 Nf5 25.g4 Nxd4 26.Nxd4 R7xd4 
27.h3 Rxe4 28.Rxe4 Rd2 29.b4 Rd3 30.a4 g5 31.Rc4 
Ke6 32.a5 Rd6 33.Re4+ Kf7 34.Rc4 1/2-1/2

[Event "HCL-A042"]
[Site "www.playchess.de"]
[Date "2000.12.06"]
[Round "5"]
[White "dynamitedan"]
[Black "teenspirit"]
[WhiteElo "1934"]
[BlackElo "1798"]
[PlyCount "45"]
[Result "1-0"]

1.d4 Nf6 2.c4 g6 3.Nc3 Bg7 4.e4 d6 5.Be2 O-O 6.Bg5 
c5 7.dxc5 Qa5 8.Bd2 Qxc5 9.Nf3 Na6 10.O-O Be6 
11.Be3 Qc7 12.Nb5 Qd8 13.Qc2 Nc5 14.b4 Ncxe4 
15.Bxa7 Rc8 16.Rad1 Qe8 17.a4 Bxc4 18.Bxc4 d5 
19.Rxd5 Nxd5 20.Qxe4 Nf6 21.Qe2 Qc6 22.Bb3 Rfd8 
23.Ne5 1-0

[Event "HCL-A043"]
[Site "www.playchess.de"]
[Date "2000.12.06"]
[Round "5"]
[White "jaann"]
[Black "Kanenda"]
[WhiteElo "1933"]
[BlackElo "1600"]
[PlyCount "62"]
[Result "0-1"]

1.Nc3 d5 2.e4 dxe4 3.Nxe4 Nd7 4.Nf3 Ndf6 5.Nc3 e6 
6.Bc4 Ne7 7.d4 Ned5 8.O-O Nxc3 9.bxc3 Be7 10.Ne5 
O-O 11.Qf3 Nd5 12.Bd2 c6 13.Qg3 Qd6 14.Qg4 Nf6 
15.Qe2 b6 16.Bd3 Bb7 17.a4 c5 18.Be3 Qc7 19.a5 
bxa5 20.Rfb1 Bd6 21.Rxb7 Qxb7 22.Nc4 Bc7 23.Bg5 
Rab8 24.g3 Nd5 25.Qe4 g6 26.Bh6 Rfd8 27.Qf3 cxd4 
28.cxd4 Rd7 29.Ne5 Bxe5 30.dxe5 Qb2 31.Re1 
Qc3 0-1

[Event "HCL-A047"]
[Site "www.playchess.de"]
[Date "2000.12.06"]
[Round "7"]
[White "klypp"]
[Black "Werner"]
[WhiteElo "2172"]
[BlackElo "1818"]
[PlyCount "85"]
[Result "1/2-1/2"]

1.e4 Nf6 2.Nc3 d5 3.exd5 Nxd5 4.Bc4 e6 5.Nf3 Nxc3 
6.bxc3 Be7 7.O-O O-O 8.d4 b6 9.Bf4 Bb7 10.Ne5 Nd7 
11.Re1 Nf6 12.Qe2 Nd5 13.Bd2 c5 14.Bd3 Nf6 15.Be3 
cxd4 16.Bxd4 Qd5 17.f3 Bc5 18.Qe3 Rac8 19.a4 Rfd8 
20.a5 Qd6 21.axb6 axb6 22.Bxc5 Rxc5 23.Nc4 Qc6 
24.Reb1 Nd5 25.Qe4 f5 26.Qd4 Qc7 27.Ra7 Rb8 28.Qe5 
Qxe5 29.Nxe5 Bc8 30.Rb5 Rxc3 31.Bxf5 Nc7 32.Rb3 
Rxb3 33.cxb3 Rb7 34.Rxb7 Bxb7 35.Bc2 Nd5 36.Be4 g5 
37.Kf2 Kg7 38.Nc4 b5 39.Ne3 h5 40.Bd3 Nc3 41.Nc2 
e5 42.Ke3 Nd5+ 43.Kf2 1/2-1/2

[Event "HCL-B029"]
[Site "www.playchess.de"]
[Date "2000.12.06"]
[Round "2"]
[White "markjburden"]
[Black "barocci"]
[WhiteElo "1400"]
[BlackElo "1200"]
[PlyCount "103"]
[Result "1-0"]

1.d4 Nf6 2.c4 c5 3.d5 b5 4.b3 bxc4 5.bxc4 d6 6.Nd2 
g6 7.e4 Bg7 8.Rb1 Qa5 9.Qc2 Nxe4 10.Bd3 Nf6 11.h3 
Nbd7 12.Ngf3 O-O 13.O-O Qc7 14.Re1 Nb6 15.Ne4 e6 
16.Nxf6+ Bxf6 17.dxe6 Bxe6 18.Bh6 Rfe8 19.Bg5 Bg7 
20.a4 a5 21.Bf4 Rab8 22.Ng5 Bd7 23.Ne4 Be5 24.Bg3 
Bxa4 25.Qa2 f5 26.Ng5 Rba8 27.Nf3 Bxg3 28.fxg3 
Rxe1+ 29.Rxe1 Bc6 30.Ng5 d5 31.Qe2 Re8 32.Qxe8+ 
Bxe8 33.Rxe8+ Kg7 34.Ne6+ Kf7 35.Nxc7 dxc4 36.Bb1 
c3 37.Re3 Na4 38.Bc2 Nb2 39.Nb5 c4 40.Nxc3 h5 
41.Kf2 Kf6 42.Re2 g5 43.Bb1 Nd3+ 44.Bxd3 cxd3 
45.Rd2 Ke5 46.Rxd3 a4 47.Nxa4 Ke4 48.Nc5+ Ke5 
49.Ke3 Kf6 50.Rd5 g4 51.Kf4 gxh3 
52.gxh3 1-0

[Event "HCL-B070"]
[Site "www.playchess.de"]
[Date "2000.12.06"]
[Round "28"]
[White "lostpawn2000"]
[Black "alexmoreira"]
[WhiteElo "1767"]
[BlackElo "1200"]
[PlyCount "52"]
[Result "0-1"]

1.d4 d5 2.c4 dxc4 3.Nc3 a6 4.e3 b5 5.a4 Bd7 6.Qf3 
Bc6 7.d5 Bb7 8.axb5 axb5 9.Rxa8 Bxa8 10.Qf5 c6 
11.dxc6 Bxc6 12.Nf3 e6 13.Qc2 Qa5 14.Be2 Bb4 
15.O-O Nf6 16.Ne5 O-O 17.Nxc6 Nxc6 18.Rd1 Rd8 
19.Rxd8+ Qxd8 20.Nxb5 Ne5 21.Bxc4 Qb8 22.Qb3 Neg4 
23.g3 Be1 24.f3 Nxh2 25.Kxh2 Qxg3+ 26.Kh1 
Bf2 0-1

[Event "HCL-B073"]
[Site "www.playchess.de"]
[Date "2000.12.06"]
[Round "26"]
[White "paule"]
[Black "henry"]
[WhiteElo "1747"]
[BlackElo "1098"]
[PlyCount "35"]
[Result "1-0"]

1.e4 Nc6 2.d4 d5 3.e5 Bf5 4.f4 a6 5.Nf3 e6 6.c3 
Be7 7.g3 f6 8.Bg2 Na5 9.O-O h5 10.Nh4 fxe5 11.Nxf5 
exf5 12.fxe5 Qd7 13.Qf3 h4 14.g4 fxg4 15.Qf7+ Kd8 
16.Qxg7 Bf6 17.exf6 Qxg7 18.fxg7 1-0

[Event "HCL-B094"]
[Site "www.playchess.de"]
[Date "2000.12.06"]
[Round "17"]
[White "Gabriele"]
[Black "Gandalf_9417"]
[WhiteElo "1659"]
[BlackElo "1200"]
[PlyCount "46"]
[Result "0-1"]

1.b4 e5 2.Bb2 Bxb4 3.Bxe5 Nf6 4.c4 O-O 5.e3 d5 
6.Nf3 Bg4 7.Be2 Nc6 8.Bb2 dxc4 9.Bxc4 Ne4 10.O-O 
Bxf3 11.Qxf3 Nxd2 12.Qg3 g6 13.Nxd2 Qxd2 14.Rab1 
Bd6 15.Qh4 Be5 16.Bxe5 Nxe5 17.Rxb7 Qc2 18.Rxc7 
Rfc8 19.Bxf7+ Nxf7 20.Rxc2 Rxc2 21.Qa4 Rd2 22.Qc6 
Rad8 23.a4 Ne5 0-1

[Event "HCL-B100"]
[Site "www.playchess.de"]
[Date "2000.12.06"]
[Round "8"]
[White "Rengar"]
[Black "BerndS"]
[WhiteElo "1035"]
[BlackElo "1848"]
[PlyCount "84"]
[Result "0-1"]

1.d4 Nf6 2.c4 e6 3.Nc3 Bb4 4.e3 O-O 5.Bd3 d5 6.Nf3 
c5 7.O-O cxd4 8.exd4 dxc4 9.Bxc4 b6 10.Bb3 Bb7 
11.Bg5 Be7 12.Rc1 Re8 13.Ba4 Bc6 14.Bxc6 Nxc6 
15.a3 Nd5 16.Bxe7 Ncxe7 17.Qd3 a6 18.Ne4 h6 19.Rc2 
Rc8 20.Rxc8 Nxc8 21.Qxa6 Qc7 22.Qa4 Rd8 23.Qb3 
Nce7 24.Nc3 Rc8 25.Nxd5 Nxd5 26.h3 Qd6 27.Ne5 Nf4 
28.Qe3 g5 29.Nd3 Rc2 30.Nxf4 gxf4 31.Qb3 Rd2 
32.Rd1 Rxd4 33.Rxd4 Qxd4 34.Qc3 Qxc3 35.bxc3 e5 
36.f3 f5 37.Kf2 Kf7 38.a4 Ke6 39.Ke2 Kd5 40.Kd3 
e4+ 41.Kd2 Kc4 42.Kc2 e3 0-1

[Event "HCL-B106"]
[Site "www.playchess.de"]
[Date "2000.12.06"]
[Round "9"]
[White "paule"]
[Black "Yogibear"]
[WhiteElo "1814"]
[BlackElo "1951"]
[PlyCount "64"]
[Result "1/2-1/2"]

1.e4 c6 2.d4 d5 3.Nc3 dxe4 4.Nxe4 Nd7 5.Nf3 Ngf6 
6.Ng3 e6 7.Bd3 c5 8.O-O Be7 9.b3 O-O 10.Bb2 b6 
11.c4 Bb7 12.Qe2 Re8 13.Rfe1 cxd4 14.Nxd4 Qc7 
15.a3 a6 16.Rad1 Bd6 17.Bc2 Rac8 18.Bb1 Ne5 19.Nh5 
Neg4 20.Nxf6+ Nxf6 21.h3 Red8 22.Bc2 Rd7 23.Nf3 
Rcd8 24.Ne5 Bxe5 25.Bxe5 Qc6 26.Qf1 R7xd1 27.Rxd1 
Rxd1 28.Bxd1 Qd7 29.Bxf6 gxf6 30.Bc2 f5 31.Qd3 
Qxd3 32.Bxd3 Kg7 1/2-1/2

[Event "HCL-B122"]
[Site "www.playchess.de"]
[Date "2000.12.06"]
[Round "2"]
[White "Zander"]
[Black "sarek"]
[WhiteElo "1200"]
[BlackElo "916"]
[PlyCount "34"]
[Result "1/2-1/2"]

1.d4 e6 2.c4 Nf6 3.Nf3 b6 4.g3 Bb7 5.Bg2 Be7 6.Nc3 
O-O 7.Bf4 c5 8.Nh4 Bxg2 9.Nxg2 cxd4 10.Qxd4 Bc5 
11.Qd3 Nc6 12.Ne4 Nb4 13.Qb1 d5 14.Nxf6+ Qxf6 
15.Ne3 d4 16.Ng4 Qg6 17.Ne5 Qxb1+ 1/2-1/2

[Event "HCL-B125"]
[Site "www.playchess.de"]
[Date "2000.12.06"]
[Round "18"]
[White "ggaarrii"]
[Black "Binder"]
[WhiteElo "1500"]
[BlackElo "1200"]
[PlyCount "40"]
[Result "1/2-1/2"]

1.e4 c5 2.Nf3 d6 3.d4 cxd4 4.Nxd4 Nf6 5.Nc3 g6 
6.Bc4 Bg7 7.Bg5 O-O 8.h4 h6 9.Be3 Nc6 10.Qd2 Ng4 
11.Nxc6 bxc6 12.Bd4 e5 13.Be3 Nxe3 14.Qxe3 Qb6 
15.Qxb6 axb6 16.O-O-O Rd8 17.b3 Ba6 18.Bxa6 Rxa6 
19.a4 h5 20.Ne2 d5 1/2-1/2

[Event "HCL-B136"]
[Site "www.playchess.de"]
[Date "2000.12.06"]
[Round "7"]
[White "frm"]
[Black "Redbaron"]
[WhiteElo "1704"]
[BlackElo "1459"]
[PlyCount "47"]
[Result "1-0"]

1.e4 c5 2.Nf3 Nc6 3.Nc3 g6 4.g3 Bg7 5.Bg2 e6 6.d3 
d5 7.Bg5 Qa5 8.exd5 Bxc3+ 9.bxc3 exd5 10.O-O Qxc3 
11.Re1+ Be6 12.Bh3 Kd7 13.Bxe6+ fxe6 14.Bf4 Ke7 
15.Qe2 Ke8 16.Qxe6+ Nge7 17.Be5 Nd8 18.Bxc3 Nxe6 
19.Bxh8 Kd7 20.Be5 Rf8 21.Rab1 Rxf3 22.Rxb7+ Ke8 
23.Kg2 Rf5 24.Bd6 1-0

[Event "HCL-B137"]
[Site "www.playchess.de"]
[Date "2000.12.06"]
[Round "17"]
[White "Blitzmich"]
[Black "BerndS"]
[WhiteElo "1200"]
[BlackElo "1798"]
[PlyCount "49"]
[Result "1-0"]

1.d4 Nf6 2.c4 e6 3.Nc3 Bb4 4.Qb3 c5 5.dxc5 Bxc5 
6.Nf3 O-O 7.Bg5 d5 8.cxd5 exd5 9.Rd1 d4 10.e3 Qa5 
11.exd4 Re8+ 12.Be2 Bb4 13.Bxf6 Bxc3+ 14.Qxc3 
Qxc3+ 15.bxc3 gxf6 16.Kd2 Be6 17.c4 Na6 18.Rhe1 
Rac8 19.Rdb1 b6 20.Bd3 Nc7 21.d5 Bg4 22.Nd4 Bd7 
23.Bf5 Bxf5 24.Nxf5 Na6 25.Ne7+ 1-0

[Event "HCL-C083"]
[Site "www.playchess.de"]
[Date "2000.12.06"]
[Round "1"]
[White "adamlm323"]
[Black "Yogesh"]
[WhiteElo "1000"]
[BlackElo "1072"]
[PlyCount "31"]
[Result "1-0"]

1.e4 e5 2.Nf3 d6 3.c4 Nf6 4.Nc3 c6 5.d4 exd4 
6.Nxd4 d5 7.Bd3 dxe4 8.Bxe4 Nxe4 9.Nxe4 Bb4+ 
10.Nc3 Qe7+ 11.Be3 O-O 12.O-O Bxc3 13.bxc3 Rd8 
14.Re1 Qf6 15.Re2 c5 16.Rd2 1-0

[Event "HCL-C086"]
[Site "www.playchess.de"]
[Date "2000.12.06"]
[Round "8"]
[White "nikk"]
[Black "Gabaldon"]
[WhiteElo "1044"]
[BlackElo "1306"]
[PlyCount "25"]
[Result "1-0"]

1.e4 c5 2.d4 cxd4 3.c3 dxc3 4.Nxc3 d6 5.Bc4 e6 
6.Nf3 Nf6 7.O-O Qc7 8.Qe2 Bd7 9.Rd1 Be7 10.b3 O-O 
11.Bb2 Ng4 12.Rac1 a6 13.h3 1-0

[Event "HCL-C090"]
[Site "www.playchess.de"]
[Date "2000.12.06"]
[Round "2"]
[White "Gecko"]
[Black "Ewie"]
[WhiteElo "1000"]
[BlackElo "665"]
[PlyCount "51"]
[Result "1-0"]

1.d4 Nf6 2.d5 g6 3.Nc3 e6 4.e4 Bg7 5.g4 O-O 6.f4 
Nxd5 7.exd5 exd5 8.Nxd5 Qh4+ 9.Ke2 a5 10.Nxc7 Ra6 
11.Nxa6 bxa6 12.h3 Bb7 13.Rh2 Qe7+ 14.Kd2 Qd6+ 
15.Ke1 Re8+ 16.Re2 Qxd1+ 17.Kxd1 Rxe2 18.Bxe2 Nc6 
19.c3 a4 20.a3 Ne7 21.Be3 Nd5 22.Bd2 Bf6 23.Kc1 h6 
24.Bf3 g5 25.f5 a5 26.c4 1-0

[Event "HCL-C102"]
[Site "www.playchess.de"]
[Date "2000.12.06"]
[Round "23"]
[White "locko"]
[Black "Jaco"]
[WhiteElo "1000"]
[BlackElo "1000"]
[PlyCount "62"]
[Result "0-1"]

1.d4 Nf6 2.g3 d5 3.Bg2 e6 4.Nf3 Nc6 5.h4 Bd6 6.c3 
Ne4 7.Bg5 f6 8.Bc1 e5 9.e3 Bg4 10.a4 Qd7 11.Nbd2 
O-O-O 12.Nxe4 dxe4 13.b4 f5 14.b5 Na5 15.h5 exf3 
16.Bxf3 Bxf3 17.Qxf3 e4 18.Qe2 Nb3 19.Qb2 Nxa1 
20.Qxa1 Qe6 21.Ba3 Qc4 22.Bc1 g6 23.h6 Bf8 24.Bb2 
Rd6 25.Qb1 g5 26.g4 Bxh6 27.Ba3 Qxc3+ 28.Ke2 Qxa3 
29.Qc2 Re8 30.Rc1 Re7 31.gxf5 g4 0-1

[Event "HCL-C112"]
[Site "www.playchess.de"]
[Date "2000.12.06"]
[Round "10"]
[White "locko"]
[Black "Pietros"]
[WhiteElo "725"]
[BlackElo "1377"]
[PlyCount "44"]
[Result "0-1"]

1.g3 e5 2.Nf3 e4 3.Ng5 Qxg5 4.h4 Qf6 5.Nc3 Qc6 
6.Bg2 d5 7.d3 Bb4 8.Bf4 Bxc3+ 9.bxc3 Qxc3+ 10.Bd2 
Qc5 11.dxe4 Be6 12.f3 dxe4 13.fxe4 Nf6 14.Rf1 Nbd7 
15.e3 Ng4 16.e5 Nxe3 17.Qe2 Nxc2+ 18.Kd1 Nxa1 
19.Be3 Qb4 20.a3 Bb3+ 21.Kc1 Qc3+ 22.Qc2 
Qxc2+ 0-1

[Event "HCL-C116"]
[Site "www.playchess.de"]
[Date "2000.12.06"]
[Round "10"]
[White "O_Man"]
[Black "exoticorn"]
[WhiteElo "1083"]
[BlackElo "1162"]
[PlyCount "73"]
[Result "1-0"]

1.e4 Nf6 2.Nc3 g6 3.d4 Bg7 4.f4 d5 5.e5 Ne4 6.Nxe4 
dxe4 7.Qe2 Bf5 8.Be3 Nc6 9.Qb5 O-O 10.Qxb7 Rb8 
11.Qxc6 Rxb2 12.h3 Qb8 13.g4 Rb1+ 14.Rxb1 Qxb1+ 
15.Kf2 Be6 16.Qxe4 Rd8 17.Nf3 Bd5 18.Qd3 Qxa2 
19.f5 Rb8 20.Bg2 Rb2 21.Ne1 Bb3 22.Be4 Bc4 23.Qc3 
Bf8 24.Kg3 e6 25.f6 Bb4 26.Qxb2 Qxb2 27.Nf3 Bc3 
28.h4 a5 29.h5 a4 30.hxg6 fxg6 31.Ng5 Bb4 32.Rxh7 
Qb1 33.f7+ Kf8 34.Rh8+ Kg7 35.Rg8+ Kh6 36.Nxe6+ 
Kh7 37.Bxg6+ 1-0

[Event "HCL-C121"]
[Site "www.playchess.de"]
[Date "2000.12.06"]
[Round "5"]
[White "pajala"]
[Black "Roel"]
[WhiteElo "1000"]
[BlackElo "1000"]
[PlyCount "23"]
[Result "1-0"]

1.e4 c5 2.Nc3 d6 3.Nf3 Nf6 4.Be2 g6 5.O-O Bg7 6.d4 
cxd4 7.Nxd4 O-O 8.Qd3 Nc6 9.Nxc6 bxc6 10.Bf3 Bb7 
11.Bg5 Re8 12.b4 1-0

[Event "HCL-C137"]
[Site "www.playchess.de"]
[Date "2000.12.06"]
[Round "28"]
[White "dg"]
[Black "jayr015"]
[WhiteElo "1132"]
[BlackElo "1179"]
[PlyCount "77"]
[Result "1-0"]

1.e4 Nf6 2.e5 Nd5 3.b3 e6 4.Bb2 f5 5.Nc3 Nxc3 
6.Bxc3 d5 7.Qe2 Qe7 8.O-O-O Nc6 9.Nf3 g6 10.d4 Bd7 
11.g3 O-O-O 12.h4 Qa3+ 13.Kb1 Nb4 14.Bxb4 Bxb4 
15.Qd3 Bb5 16.Qe3 c5 17.Bxb5 c4 18.c3 cxb3 19.Rd2 
bxa2+ 20.Rxa2 Qb3+ 21.Rb2 Qa3 22.Rxb4 Kb8 23.Qd2 
Rdc8 24.Qb2 Qa5 25.Bd7 Rc7 26.Bxe6 Re8 27.Rb5 Qa6 
28.Bxd5 b6 29.c4 Kc8 30.Kc2 Rd8 31.Ra1 Rxc4+ 
32.Kd3 Rb4 33.Qc3+ Kb8 34.Rxa6 Rxb5 35.Qc6 Rdxd5 
36.Ra3 Rba5 37.Rc3 Rd8 38.e6 Rc8 
39.Qxc8+ 1-0

[Event "HCL-C138"]
[Site "www.playchess.de"]
[Date "2000.12.06"]
[Round "8"]
[White "dg"]
[Black "O_Man"]
[WhiteElo "1049"]
[BlackElo "990"]
[PlyCount "30"]
[Result "0-1"]

1.e4 e5 2.Nf3 Nc6 3.Bb5 Bc5 4.Nc3 Nf6 5.Bxc6 dxc6 
6.Nxe5 Qd4 7.O-O Qxe5 8.Na4 Ng4 9.g3 h5 10.c3 Nxh2 
11.Kxh2 h4 12.Qf3 hxg3+ 13.Kg2 Rh2+ 14.Kg1 gxf2+ 
15.Qxf2 Bxf2+ 0-1

[Event "HCL-E007"]
[Site "www.playchess.de"]
[Date "2000.12.06"]
[Round "7"]
[White "ARMAGEDON_8"]
[Black "nepper"]
[WhiteElo "2227"]
[BlackElo "2100"]
[PlyCount "39"]
[Result "1-0"]

1.e4 e6 2.d4 d5 3.Nc3 Bb4 4.e5 c5 5.a3 Bxc3+ 
6.bxc3 Nc6 7.Nf3 Nge7 8.a4 c4 9.Be2 Qa5 10.Qd2 a6 
11.Ba3 Qc7 12.Bd6 Qd7 13.O-O Na7 14.Qg5 Ng6 
15.Rfe1 b5 16.axb5 Nxb5 17.Bb4 Qc7 18.h4 a5 19.h5 
Bb7 20.Bd6 1-0

[Event "HCL-E010"]
[Site "www.playchess.de"]
[Date "2000.12.06"]
[Round "31"]
[White "goodatchess"]
[Black "Goofy"]
[WhiteElo "2000"]
[BlackElo "2200"]
[PlyCount "64"]
[Result "0-1"]

1.e4 c5 2.Nf3 Nc6 3.d4 cxd4 4.Nxd4 Nf6 5.Nc3 e5 
6.Ndb5 d6 7.Nd5 Nxd5 8.exd5 Ne7 9.c4 Nf5 10.Bd3 
Be7 11.O-O a6 12.Nc3 O-O 13.b4 Bg5 14.Ne4 Bxc1 
15.Rxc1 Nd4 16.Qh5 f5 17.Ng5 h6 18.Nh3 Bd7 19.Kh1 
Rc8 20.Qd1 f4 21.Ng1 Qh4 22.Nf3 Nxf3 23.Qxf3 Bg4 
24.Qe4 Bf5 25.Qf3 Bxd3 26.Qxd3 f3 27.g3 Qg4 
28.Rfe1 Rf4 29.Re3 Rfxc4 30.Rxc4 Rxc4 31.Rxf3 Rc1+ 
32.Kg2 e4 0-1

[Event "HCL-E011"]
[Site "www.playchess.de"]
[Date "2000.12.06"]
[Round "20"]
[White "kingup"]
[Black "Tartan-Terror"]
[WhiteElo "2000"]
[BlackElo "2000"]
[PlyCount "51"]
[Result "1/2-1/2"]

1.e4 Nf6 2.e5 Nd5 3.d4 d6 4.c4 Nb6 5.Nf3 g6 6.exd6 
cxd6 7.h3 Bg7 8.Nc3 O-O 9.Be2 Nc6 10.Be3 Bf5 11.a3 
d5 12.b3 dxc4 13.bxc4 Be6 14.c5 Nd5 15.Nxd5 Bxd5 
16.O-O Qc7 17.Qa4 e5 18.Rfd1 Rfd8 19.Rab1 Bxf3 
20.Bxf3 Nxd4 21.Bxd4 Rxd4 22.Rxd4 exd4 23.Rxb7 
Qxc5 24.Qb3 Rf8 25.Bd5 Be5 26.Bc4 1/2-1/2

[Event "ACL-A032"]
[Site "www.playchess.de"]
[Date "2000.12.06"]
[Round "17"]
[White "king"]
[Black "Dany"]
[WhiteElo "1500"]
[BlackElo "1166"]
[PlyCount "122"]
[Result "0-1"]

1.e4 c6 2.Bc4 d5 3.Bd3 dxe4 4.Bxe4 Nf6 5.Nc3 Nxe4 
6.Nxe4 Bf5 7.Qf3 Bxe4 8.Qxe4 Qd5 9.d3 Qxe4+ 
10.dxe4 e5 11.Nf3 f6 12.c4 Bb4+ 13.Bd2 Bxd2+ 
14.Nxd2 Nd7 15.O-O Kf7 16.Nb3 c5 17.Nd2 b6 18.Rad1 
Rad8 19.a3 Nb8 20.f4 exf4 21.Rxf4 Rd4 22.b4 Rhd8 
23.Rf2 Rxc4 24.Nxc4 Rxd1+ 25.Rf1 Rd4 26.Rc1 Ke7 
27.bxc5 bxc5 28.e5 Rd5 29.exf6+ Kxf6 30.Ne3 Rd3 
31.Ng4+ Kf5 32.h3 Nd7 33.Rf1+ Ke6 34.Re1+ Kd6 
35.Ne3 g6 36.Rd1 Rxd1+ 37.Nxd1 Kd5 38.Nc3+ Kd4 
39.Nb5+ Kd3 40.Nxa7 c4 41.Nb5 c3 42.Nxc3 Kxc3 
43.g4 Kd3 44.Kf2 Ke4 45.Kg3 g5 46.h4 h6 47.hxg5 
hxg5 48.Kh3 Kf3 49.a4 Nc5 50.a5 Na6 51.Kh2 Kxg4 
52.Kh1 Kf3 53.Kh2 g4 54.Kg1 g3 55.Kf1 g2+ 56.Kg1 
Nc5 57.Kh2 Kf2 58.Kh3 g1Q 59.Kh4 Ne4 60.a6 Qg3+ 
61.Kh5 Qg5+ 0-1

[Event "ACL-A033"]
[Site "www.playchess.de"]
[Date "2000.12.06"]
[Round "14"]
[White "MarkusSSG"]
[Black "Gabaldon"]
[WhiteElo "1737"]
[BlackElo "1500"]
[PlyCount "33"]
[Result "1-0"]

1.d4 c5 2.d5 d6 3.Nc3 g6 4.Nf3 Bg7 5.e4 Bg4 6.h3 
Bd7 7.Be2 Nf6 8.O-O O-O 9.Re1 a6 10.a4 e6 11.dxe6 
Bxe6 12.Bg5 Qb6 13.Rb1 Nbd7 14.Bf4 Ne5 15.Nxe5 
dxe5 16.Bxe5 Rfe8 17.Qd3 1-0

[Event "ACL-A046"]
[Site "www.playchess.de"]
[Date "2000.12.06"]
[Round "6"]
[White "chessplayer"]
[Black "Yogibear"]
[WhiteElo "1500"]
[BlackElo "1875"]
[PlyCount "24"]
[Result "0-1"]

1.d4 d5 2.Nc3 c6 3.Nf3 Bg4 4.Bf4 Bxf3 5.exf3 Nd7 
6.Qe2 e6 7.O-O-O Bb4 8.Qe3 Ne7 9.a3 Nf5 10.g4 Nxe3 
11.Bxe3 Bxc3 12.bxc3 Qa5 0-1

[Event "ACL-A052"]
[Site "www.playchess.de"]
[Date "2000.12.06"]
[Round "5"]
[White "peze2"]
[Black "hun"]
[WhiteElo "1500"]
[BlackElo "1605"]
[PlyCount "89"]
[Result "1-0"]

1.e4 Nc6 2.Nf3 Nf6 3.e5 Nd5 4.d4 e6 5.c4 Bb4+ 
6.Ke2 Nb6 7.c5 Nd5 8.a3 Ba5 9.b4 Ncxb4 10.axb4 
Bxb4 11.Bg5 f6 12.exf6 gxf6 13.Bd2 O-O 14.Ke1 d6 
15.Bxb4 Nxb4 16.cxd6 Qxd6 17.Nc3 Bd7 18.Ne4 Qd5 
19.Bd3 Nxd3+ 20.Qxd3 a6 21.Nc3 Qh5 22.Qe3 Kh8 
23.Rg1 Bc6 24.g4 Qf7 25.Rg3 Qd7 26.Nd2 Rad8 27.Nb3 
Qd6 28.Nc5 e5 29.dxe5 fxe5 30.Rb1 Rdb8 31.Rd1 Qe7 
32.Nd5 Qd6 33.Nb6 Qe7 34.Nbd7 Rfg8 35.Nxb8 Rxb8 
36.Qc3 Qf6 37.Nd7 Bxd7 38.Rxd7 Rf8 39.Qc2 Rf7 
40.Rxc7 Kg7 41.Rgc3 e4 42.Rxf7+ Kxf7 43.Qb3+ Kg6 
44.Rc7 Kg5 45.Qe3+ 1-0

[Event "ACL-A056"]
[Site "www.playchess.de"]
[Date "2000.12.06"]
[Round "19"]
[White "Extasis"]
[Black "Pietros"]
[WhiteElo "1500"]
[BlackElo "1393"]
[PlyCount "24"]
[Result "0-1"]

1.e3 e5 2.c3 Nc6 3.Bb5 Nf6 4.Nf3 Ne4 5.Qc2 d5 
6.Nxe5 Qf6 7.Ng4 Bxg4 8.f3 Qh4+ 9.g3 Nxg3 10.hxg3 
Qxh1+ 11.Ke2 Qxf3+ 12.Kd3 Qf1+ 0-1

[Event "ACL-A062"]
[Site "www.playchess.de"]
[Date "2000.12.06"]
[Round "32"]
[White "ictus"]
[Black "Bill"]
[WhiteElo "1500"]
[BlackElo "1763"]
[PlyCount "58"]
[Result "0-1"]

1.e4 e5 2.Nf3 Nc6 3.Bc4 Nf6 4.Ng5 d5 5.exd5 Na5 
6.Bb5+ c6 7.dxc6 bxc6 8.Be2 h6 9.Nf3 e4 10.Ne5 Bd6 
11.f4 Qe7 12.O-O Bxe5 13.fxe5 Qxe5 14.d4 Qd6 
15.Nc3 O-O 16.Bf4 Qd8 17.Be5 Nd5 18.Nxe4 Ne3 
19.Qd2 Nxf1 20.Rxf1 f6 21.Bf4 Re8 22.Nxf6+ Qxf6 
23.Bc7 Qe6 24.Bh5 Nc4 25.Qc3 Re7 26.Bd8 Ne3 
27.Bxe7 Nxf1 28.Kxf1 Ba6+ 29.Kf2 
Qxe7 0-1

[Event "ACL-A066"]
[Site "www.playchess.de"]
[Date "2000.12.06"]
[Round "5"]
[White "tuzlak"]
[Black "Alcoholic"]
[WhiteElo "1335"]
[BlackElo "1442"]
[PlyCount "52"]
[Result "0-1"]

1.e4 e5 2.Nf3 Nf6 3.Nc3 Nc6 4.Bc4 Bc5 5.h3 h6 6.d3 
d6 7.Nd5 O-O 8.a3 a6 9.b4 Bd4 10.Nxd4 Nxd4 11.Be3 
c6 12.Nc3 d5 13.Ba2 Ne6 14.exd5 cxd5 15.d4 exd4 
16.Bxd4 Nxd4 17.Qxd4 Re8+ 18.Kf1 a5 19.Nxd5 Nxd5 
20.Qxd5 Qf6 21.g3 Qxa1+ 22.Kg2 Qf6 23.Rd1 Be6 
24.Qxb7 Bxa2 25.b5 Rad8 26.Rf1 
Bd5+ 0-1

[Event "ACL-E005"]
[Site "www.playchess.de"]
[Date "2000.12.06"]
[Round "3"]
[White "rht341"]
[Black "Gearloose"]
[WhiteElo "1893"]
[BlackElo "1887"]
[PlyCount "39"]
[Result "1/2-1/2"]

1.e4 d6 2.d4 Nf6 3.Nc3 Nbd7 4.Nf3 e5 5.Bc4 Be7 
6.O-O h6 7.Qe2 c6 8.Rd1 Qc7 9.Be3 g5 10.d5 g4 
11.Nd2 Nf8 12.Bb3 Ng6 13.Qd3 c5 14.Ba4+ Kf8 15.Nb5 
Qb8 16.c4 a6 17.Nc3 h5 18.f3 h4 19.a3 Nh5 
20.fxg4 1/2-1/2

[Event "HCL-A013"]
[Site "www.playchess.de"]
[Date "2000.12.07"]
[Round "18"]
[White "DieHard"]
[Black "Kleofas"]
[WhiteElo "1800"]
[BlackElo "1904"]
[PlyCount "56"]
[Result "0-1"]

1.e4 c5 2.Nf3 d6 3.d4 cxd4 4.Nxd4 Nf6 5.Nc3 a6 
6.Be3 Ng4 7.Bg5 h6 8.Bh4 g5 9.Bg3 Bg7 10.h3 Ne5 
11.f3 Be6 12.Nxe6 fxe6 13.f4 gxf4 14.Qh5+ Nf7 
15.Bxf4 Nd7 16.Bd3 Rf8 17.Bd2 Qc7 18.Rf1 Nde5 
19.a4 O-O-O 20.Ne2 Kb8 21.Nf4 Qd7 22.Qe2 d5 23.Bc3 
Qc6 24.exd5 exd5 25.Bf5 Rd6 26.Bb4 Rf6 27.Nh5 Bh8 
28.Nxf6 Bxf6 0-1

[Event "HCL-A033"]
[Site "www.playchess.de"]
[Date "2000.12.07"]
[Round "35"]
[White "sargon"]
[Black "Machiavelli_________"]
[WhiteElo "1700"]
[BlackElo "1800"]
[PlyCount "36"]
[Result "0-1"]

1.e4 c5 2.Nf3 e6 3.d4 cxd4 4.Nxd4 Nc6 5.Nc3 a6 
6.Be3 Qc7 7.Be2 Nf6 8.O-O Be7 9.Kh1 O-O 10.f4 d6 
11.a4 Nxd4 12.Bxd4 e5 13.Be3 exf4 14.Bxf4 Be6 
15.Nd5 Bxd5 16.exd5 Nd7 17.Bd3 Bf6 18.Rf3 
g6 0-1

[Event "HCL-A053"]
[Site "www.playchess.de"]
[Date "2000.12.07"]
[Round "13"]
[White "klypp"]
[Black "Lovec"]
[WhiteElo "2100"]
[BlackElo "1700"]
[PlyCount "69"]
[Result "1/2-1/2"]

1.e4 c5 2.Nf3 d6 3.d4 cxd4 4.Nxd4 Nf6 5.Nc3 Nc6 
6.Be2 e6 7.Be3 Be7 8.O-O a6 9.f4 Qc7 10.Bf3 O-O 
11.Qe1 Nxd4 12.Bxd4 e5 13.Be3 b5 14.Rd1 Be6 15.Qg3 
Bc4 16.Rf2 b4 17.fxe5 bxc3 18.exf6 Bxf6 19.b3 Be5 
20.Bf4 Bb5 21.Bg4 Rad8 22.a4 Bxf4 23.Rxf4 Qc5+ 
24.Kh1 Bc6 25.Rd3 Bxe4 26.Rxe4 f5 27.Re1 fxg4 
28.Qxg4 Rde8 29.Rxe8 Rxe8 30.h3 Re1+ 31.Kh2 Qg1+ 
32.Kg3 Re3+ 33.Rxe3 Qxe3+ 34.Qf3 Qg5+ 
35.Kh2 1/2-1/2

[Event "HCL-A053"]
[Site "www.playchess.de"]
[Date "2000.12.07"]
[Round "21"]
[White "Lovec"]
[Black "bondegnasker"]
[WhiteElo "1700"]
[BlackElo "1626"]
[PlyCount "35"]
[Result "1-0"]

1.e4 e6 2.d4 d5 3.e5 c5 4.c3 Nc6 5.Nf3 Qb6 6.a3 
Nh6 7.b4 cxd4 8.cxd4 Nf5 9.Be3 Nxe3 10.fxe3 g6 
11.Nc3 Bg7 12.Rc1 O-O 13.Bd3 Bd7 14.Na4 Qd8 15.Nc5 
Rb8 16.O-O b6 17.Nxd7 Qxd7 18.Bb5 1-0